000 00301nam a22001337a 4500
008 171107b xxu||||| |||| 00| 0 eng d
020 _a9780395719756
041 _aeng
080 _25 ED
_a330.722.6
100 _a62
101 _aKON
245 _aFINANCIAL ACCOUTING
_cJULIUS.N
942 _2udc
_cBK
999 _c38060
_d38060